1542 1507 1839 1622 1008 1337 1718 1427 1656 1429 1006 1491 1354 1766 1277 1163 1189 1094 1474 1292 1797 1292 1195 1377 1410 1752 1476 1199 1028 1627 1819 1124 1460 1034 1936 1417 1958 1246 1428 1003 1429 1254 1998 1735 1420 1331 1151 1246 1675 1546 1609 1342 1672 1718 1211 1938 1477 1545 1647 1501 1641 1305 1288 1404 1833 1573 1913 1007 1504 1684 1447 1356 1814 1398 1181 1527 1731 1614 1384 1982 1968 1658 1471 1465 1391 1691 1771 1762 1949 1044 1058 1952 1404 1809 1584 1005 1345 1432 1329 BCNSPRNW ULIB Ver.6.0+V

เปลี่ยนเป็นภาษาไทย

Change to English
 แสดงรายละเอียดบรรณานุกรม
  กลับหน้าหลัก

Brief Record : Get Marc (ISO 2709) : E-mail record : QR code < ปิดหน้าต่าง
LEADER : 00000nas 2200000uu 4500
001    13399125998
003     ULIB
008    180117s2559||||th 000 0 tha d
022 0  ^a08583560
110 1  ^aวารสารโรงพยาบาลนครพิงค์
245 00 ^aวารสารโรงพยาบาลนครพิงค์^cโรงพยาบาลนครพิงค์
260    ^aเชียงใหม่;^bโรงพยาบาลนครพิงค์,^c2559
310    ^aราย 6 เดือน
850 ^a ULIB^bปีที่ 9 ฉบับที่ 1 ฉ.1 ;ปีที่ 8 ฉบับที่ 2 ฉ.1 ;ปีที่ 8 ฉบับที่ 1 ฉ.1 ;ปีที่ 7 ฉบับที่ 2 ฉ.1 ;ปีที่ 7 ฉบับที่ 1 ฉ.1 ;ปีที่ 7 ฉบับที่ 1 ฉ.1 ;ปีที่ 7 ฉบับที่ 2 ฉ.1
945    ^p0^l0^i905297
945    ^p0^l0^i905296
945    ^p0^l0^i905295
945    ^p0^l0^i905294
945    ^p0^l0^i905293
945    ^p0^l0^i904767
945    ^p0^l0^i904768
999    ^aประนอม เกษจรัล
รายการนี้ยังไม่มีแท็ก
คุณยังไม่ได้ล็อกอิน คุณสามารถมีกิจกรรมร่วมกับเว็บไซต์ได้ แต่ต้องล็อกอินก่อน ::
  ล็อกอิน

รายการสื่อสารสนเทศ (วารสาร)

ดูแบบ: กล่อง รายการ
ARRIVED
ปีที่ 7 ฉบับที่ 1 ฉ.1
สถานที่: ห้องสมุดวิทยาเขตสวรรค์ประชารักษ์ >วารสาร
ARRIVED
ปีที่ 7 ฉบับที่ 2 ฉ.1
สถานที่: ห้องสมุดวิทยาเขตสวรรค์ประชารักษ์ >วารสาร
ARRIVED
ปีที่ 8 ฉบับที่ 1 ฉ.1
สถานที่: ห้องสมุดวิทยาเขตสวรรค์ประชารักษ์ >วารสาร
ARRIVED
ปีที่ 8 ฉบับที่ 2 ฉ.1
สถานที่: ห้องสมุดวิทยาเขตสวรรค์ประชารักษ์ >วารสาร
ARRIVED
ปีที่ 9 ฉบับที่ 1 ฉ.1
สถานที่: ห้องสมุดวิทยาเขตสวรรค์ประชารักษ์ >วารสาร

BibComment


ยังไม่เคยถูกคอมเมนท์

คอมเมนท์ทรัพยากรรายการนี้
  คอมเมนท์: วารสารโรงพยาบาลน..


 Copyright 2026. Bcnsprnw @Library